Numerical integration of stochastic differential equations
Saved in:
| Main Author: | |
|---|---|
| Format: | Book |
| Language: | English |
| Published: |
Dordrecht ; Boston :
Kluwer Academic Publishers,
c1995
|
| Series: | Mathematics and its applications ;
; v. 313 |
| Subjects: | |
| Tags: |
Add Tag
No Tags, Be the first to tag this record!
|
MARC
| LEADER | 00000nam a2200000 i 4500 | ||
|---|---|---|---|
| 001 | 1/28004 | ||
| 008 | 021015s1995 eng d | ||
| 020 | |a 079233213X | ||
| 035 | |l 10068540 | ||
| 040 | |a GR-MY-UA |b gre |e aacr | ||
| 041 | 0 | |a eng | |
| 082 | 0 | |a 519.2 | |
| 100 | 1 | |a Milshtein, G. N. |q (Grigorii Noikhovich) | |
| 245 | 1 | 0 | |a Numerical integration of stochastic differential equations / |c by G.N. Milstein |
| 260 | |a Dordrecht ; Boston : |b Kluwer Academic Publishers, |c c1995 | ||
| 300 | |a viivii, 169 p.; |c 25 cm. | ||
| 490 | 1 | |a Mathematics and its applications |v ; v. 313 | |
| 504 | |a Includes bibliographical references and index | ||
| 650 | 0 | 0 | |a Stochastic differential equations |x Numerical solutions. |
| 650 | 0 | 0 | |a Wiener integrals. |
| 830 | 0 | |a Mathematics and its applications ; |v ; v. 313 | |
| 852 | |a INST |b SAMOS |e 20021015 |h 519.2 MIL |p 005300024439 |q 005300024439 |t BK |y 0 | ||
| 901 | |a BIBL3-2002-3 | ||
| 909 | |a Σ |b 102435 | ||
| 922 | |a 3ΕΛΗ |b 200202 |c ΤΜΗΜΑ ΜΑΘΗΜΑΤΙΚΩΝ |d ΠΑΠΑΣΩΤΗΡΙΟΥ | ||
| 950 | |a 116-2002-02-20 | ||
| 970 | |a ΚΟΣΙΕΡΗΣ |b ΧΡΗΣΤΟΣ |z 2002/10/15 | ||